| 000 | 01708nam a22004577a 4500 | ||
|---|---|---|---|
| 003 | OSt | ||
| 005 | 20230427083547.0 | ||
| 008 | 221006b |||||||| |||| 00| 0 eng d | ||
| 040 | _cBiblioteca Lado V | ||
| 082 |
_a701 _bM337c |
||
| 100 |
_9819 _aMarin R., Sonia L. _edirectora |
||
| 245 |
_aClásica/ _bDe fabrica de Aguardiente a Centro Nacional de Cultura/ |
||
| 260 |
_bBanco Nacional _aCosta Rica _c1995 |
||
| 300 |
_c22x28cm _a28p. |
||
| 366 | _efre | ||
| 366 | _eeng | ||
| 490 |
_a17 _x1022-5498 _vII |
||
| 505 | _tCartas | ||
| 505 | _tOrquesta Sinfónica Nacional abre temporada 1995 | ||
| 505 | _tUn Magon para la música | ||
| 505 | _tMúsica sana en cuerpo sano | ||
| 505 | _tLas Bandas y su Admirable Labor | ||
| 505 | _tA Propósito de un recital | ||
| 505 | _tMuseo de Arte y Diseño Contemporáneo | ||
| 505 | _tEl MCJD su lugar en el movimiento cultural | ||
| 505 | _tDe fabrica de Aguardiente a Centro nacional de Cultura | ||
| 505 | _tCine mas de 20 años | ||
| 505 | _tDirección general de cultura | ||
| 505 | _tProgramación de FM 96 Radio Clásica | ||
| 505 | _tCartelera Cultural | ||
| 650 |
_2Tesauro de Arte & Arquitectura _aARTE _9703 |
||
| 650 |
_2Tesauro de Arte & Arquitectura _aEXPOSICIONES |
||
| 650 |
_2Tesauro de Arte & Arquitectura _aCULTURA |
||
| 650 |
_2Tesauro de Arte & Arquitectura _aAPRECIACION |
||
| 650 |
_2Tesauro de Arte & Arquitectura _aTEORIA |
||
| 650 |
_2Tesauro de Arte & Arquitectura _aVIDEO |
||
| 650 |
_2Tesauro de Arte & Arquitectura _aMUSICA _9702 |
||
| 650 |
_2Tesauro de Arte & Arquitectura _aLITERATURA |
||
| 650 |
_2Tesauro de Arte & Arquitectura _aCOSTA RICA |
||
| 942 |
_2ddc _c1 _h701 _iM337c _n0 |
||
| 999 |
_c3477 _d3477 |
||